[Event "EYCC 2024 - G18"]
[Site "?"]
[Date "2024.08.26"]
[Round "5.8"]
[White "Lindstad, Livia"]
[Black "Mihaljevic, Eva"]
[Result "1/2-1/2"]
[BlackElo "2058"]
[WhiteElo "1886"]
[LiveChessVersion "1.4.8"]

1. e4 {[%clk 1:30:54]} e6 {[%clk 1:30:54]} 2. d4 {[%clk 1:30:22]} d5
{[%clk 1:31:17]} 3. exd5 {[%clk 1:30:21]} exd5 {[%clk 1:31:40]} 4. Bd3
{[%clk 1:30:26]} Nf6 {[%clk 1:31:47]} 5. h3 {[%clk 1:27:48]} c5 {[%clk 1:30:58]}
6. dxc5 {[%clk 1:26:54]} Bxc5 {[%clk 1:31:02]} 7. Nf3 {[%clk 1:25:24]} O-O
{[%clk 1:31:08]} 8. O-O {[%clk 1:23:13]} h6 {[%clk 1:28:18]} 9. Nc3
{[%clk 1:19:04]} Nc6 {[%clk 1:26:06]} 10. Bf4 {[%clk 1:15:12]} Re8
{[%clk 1:22:23]} 11. Nb5 {[%clk 1:10:44]} Re7 {[%clk 1:09:20]} 12. Qc1
{[%clk 1:05:35]} Ne4 {[%clk 1:04:20]} 13. c3 {[%clk 0:53:06]} Bf5
{[%clk 0:59:20]} 14. Qc2 {[%clk 0:46:27]} Rc8 {[%clk 0:40:54]} 15. b4
{[%clk 0:34:51]} Bb6 {[%clk 0:09:55]} 16. Qb1 {[%clk 0:19:30]} g5
{[%clk 0:04:48]} 17. Be3 {[%clk 0:15:53]} Bxe3 {[%clk 0:04:05]} 18. fxe3
{[%clk 0:16:18]} a6 {[%clk 0:03:33]} 19. Nbd4 {[%clk 0:08:12]} Bg6
{[%clk 0:03:38]} 20. Bxe4 {[%clk 0:07:57]} Rxe4 {[%clk 0:03:47]} 21. Qe1
{[%clk 0:06:49]} Qe7 {[%clk 0:03:02]} 22. Nxc6 {[%clk 0:05:39]} Rxc6
{[%clk 0:02:15]} 23. Nd4 {[%clk 0:06:00]} Rf6 {[%clk 0:02:01]} 24. Rxf6
{[%clk 0:05:45]} Qxf6 {[%clk 0:02:29]} 25. Qf2 {[%clk 0:05:20]} Qe5
{[%clk 0:02:11]} 26. Re1 {[%clk 0:04:35]} f5 {[%clk 0:01:36]} 27. Kf1
{[%clk 0:03:38]} Qf6 {[%clk 0:01:17]} 28. Re2 {[%clk 0:02:43]} f4
{[%clk 0:01:33]} 29. Ke1 {[%clk 0:02:24]} Bh5 {[%clk 0:01:07]} 30. g4
{[%clk 0:02:32]} Bg6 {[%clk 0:01:25]} 31. exf4 {[%clk 0:02:21]} Rxf4
{[%clk 0:01:44]} 32. Qe3 {[%clk 0:02:36]} Re4 {[%clk 0:01:14]} 33. Qf2
{[%clk 0:02:15]} Qe5 {[%clk 0:01:02]} 34. Kd2 {[%clk 0:01:49]} Rxe2+
{[%clk 0:01:00]} 35. Qxe2 {[%clk 0:01:53]} Be4 {[%clk 0:01:03]} 36. Qf2
{[%clk 0:01:16]} Kg7 {[%clk 0:01:10]} 37. Ne2 {[%clk 0:01:26]} Qf6
{[%clk 0:00:41]} 38. Qg3 {[%clk 0:01:06]} Kg6 {[%clk 0:00:35]} 39. Qe3
{[%clk 0:00:46]} Qc6 {[%clk 0:00:43]} 40. Ng3 {[%clk 0:00:48]} Qa4
{[%clk 0:00:45]} 41. Nxe4 {[%clk 0:00:40]} Qxa2+ {[%clk 0:01:00]} 42. Kc1
{[%clk 0:00:56]} Qa1+ {[%clk 0:01:12]} 43. Kc2 {[%clk 0:01:14]} Qa2+
{[%clk 0:01:29]} 44. Kc1 {[%clk 0:01:15]} Qa1+ {[%clk 0:01:37]} 45. Kc2
{[%clk 0:00:55]} 1/2-1/2

[Event "EYCC 2024 - G18"]
[Site "?"]
[Date "2024.08.26"]
[Round "5.10"]
[White "Barwinska, Ewa"]
[Black "Jovanovic, Anja"]
[Result "1-0"]
[BlackElo "1870"]
[WhiteElo "2035"]
[LiveChessVersion "1.4.8"]

1. d4 {[%clk 1:30:58]} Nf6 {[%clk 1:30:50]} 2. c4 {[%clk 1:31:23]} e6
{[%clk 1:31:13]} 3. Nc3 {[%clk 1:31:49]} d5 {[%clk 1:30:12]} 4. cxd5
{[%clk 1:32:12]} exd5 {[%clk 1:30:34]} 5. Bg5 {[%clk 1:32:35]} Be7
{[%clk 1:29:45]} 6. e3 {[%clk 1:32:52]} O-O {[%clk 1:29:36]} 7. Bd3
{[%clk 1:33:14]} h6 {[%clk 1:28:42]} 8. Bh4 {[%clk 1:33:37]} c6 {[%clk 1:27:57]}
9. Qc2 {[%clk 1:33:12]} Re8 {[%clk 1:26:59]} 10. Nge2 {[%clk 1:33:20]} Nbd7
{[%clk 1:23:17]} 11. O-O {[%clk 1:33:22]} Ne4 {[%clk 1:17:34]} 12. Bxe7
{[%clk 1:20:45]} Qxe7 {[%clk 1:17:46]} 13. Rae1 {[%clk 1:11:40]} Ndf6
{[%clk 1:14:36]} 14. f3 {[%clk 1:08:08]} Nxc3 {[%clk 1:05:26]} 15. Nxc3
{[%clk 1:08:30]} Qd6 {[%clk 0:55:42]} 16. Qf2 {[%clk 1:00:51]} Be6
{[%clk 0:53:12]} 17. h3 {[%clk 0:54:12]} Rad8 {[%clk 0:48:14]} 18. Bb1
{[%clk 0:41:50]} Nh5 {[%clk 0:35:44]} 19. Rd1 {[%clk 0:38:27]} Qe7
{[%clk 0:29:19]} 20. e4 {[%clk 0:34:05]} Nf4 {[%clk 0:28:42]} 21. Ne2
{[%clk 0:29:51]} Qg5 {[%clk 0:27:02]} 22. Nxf4 {[%clk 0:30:05]} Qxf4
{[%clk 0:27:31]} 23. e5 {[%clk 0:27:38]} h5 {[%clk 0:22:57]} 24. g3
{[%clk 0:26:03]} Qh6 {[%clk 0:22:59]} 25. Kh2 {[%clk 0:25:55]} f5
{[%clk 0:18:47]} 26. f4 {[%clk 0:16:43]} Kf7 {[%clk 0:09:56]} 27. Qf3
{[%clk 0:15:22]} Rh8 {[%clk 0:09:15]} 28. Rc1 {[%clk 0:14:25]} Rdf8
{[%clk 0:06:43]} 29. h4 {[%clk 0:11:33]} Ra8 {[%clk 0:06:28]} 30. Qb3
{[%clk 0:10:58]} Rhb8 {[%clk 0:06:35]} 31. Qa4 {[%clk 0:09:04]} Qh8
{[%clk 0:06:45]} 32. b4 {[%clk 0:08:50]} a6 {[%clk 0:07:11]} 33. Bd3
{[%clk 0:08:01]} Qd8 {[%clk 0:07:26]} 34. Qb3 {[%clk 0:07:36]} Qb6
{[%clk 0:06:54]} 35. Rc5 {[%clk 0:07:53]} Rc8 {[%clk 0:05:27]} 36. Rfc1
{[%clk 0:07:47]} g6 {[%clk 0:05:22]} 37. Qc3 {[%clk 0:07:45]} Qa7
{[%clk 0:05:03]} 38. Qd2 {[%clk 0:07:29]} Bd7 {[%clk 0:04:58]} 39. Be2
{[%clk 0:06:13]} Ke6 {[%clk 0:05:03]} 40. Bf3 {[%clk 0:04:57]} Qb6
{[%clk 0:04:05]} 41. Re1 {[%clk 0:02:38]} Rd8 {[%clk 0:03:59]} 42. a3
{[%clk 0:02:30]} Be8 {[%clk 0:03:47]} 43. Rec1 {[%clk 0:01:33]} Bd7
{[%clk 0:03:42]} 44. Qg2 {[%clk 0:01:29]} Be8 {[%clk 0:03:11]} 45. Rb1
{[%clk 0:01:17]} Qa7 {[%clk 0:02:24]} 46. a4 {[%clk 0:01:07]} b6 {[%clk 0:02:10]}
47. Rc2 {[%clk 0:01:27]} b5 {[%clk 0:02:26]} 48. Rc5 {[%clk 0:01:44]} Qb6
{[%clk 0:02:28]} 49. Ra1 {[%clk 0:01:42]} Qb7 {[%clk 0:02:45]} 50. Qc2
{[%clk 0:01:44]} Qb6 {[%clk 0:02:48]} 51. Qe2 {[%clk 0:01:06]} Qb7
{[%clk 0:03:11]} 52. Qg2 {[%clk 0:01:21]} Qb6 {[%clk 0:03:31]} 53. axb5
{[%clk 0:01:37]} Rac8 {[%clk 0:01:52]} 54. Rxa6 {[%clk 0:01:41]} Qb7
{[%clk 0:02:19]} 55. Bxd5+ {[%clk 0:01:54]} Ke7 {[%clk 0:02:43]} 56. Bxc6
{[%clk 0:01:58]} Bxc6 {[%clk 0:01:38]} 57. Raxc6 {[%clk 0:02:20]} Rxc6
{[%clk 0:02:04]} 58. Qxc6 {[%clk 0:02:37]} Qxc6 {[%clk 0:02:32]} 59. bxc6
{[%clk 0:03:01]} Rxd4 {[%clk 0:02:57]} 60. c7 {[%clk 0:03:15]} 1-0

[Event "EYCC 2024 - G18"]
[Site "?"]
[Date "2024.08.26"]
[Round "5.11"]
[White "Maton, Emily"]
[Black "Tadic, Ana"]
[Result "1-0"]
[BlackElo "1858"]
[WhiteElo "2005"]
[LiveChessVersion "1.4.8"]

1. d4 {[%clk 1:30:57]} d5 {[%clk 1:30:46]} 2. c4 {[%clk 1:31:23]} dxc4
{[%clk 1:29:36]} 3. e3 {[%clk 1:31:50]} e5 {[%clk 1:29:13]} 4. Bxc4
{[%clk 1:29:08]} Nc6 {[%clk 1:29:12]} 5. d5 {[%clk 1:27:43]} Na5 {[%clk 1:29:29]}
6. Qa4+ {[%clk 1:25:41]} c6 {[%clk 1:26:23]} 7. dxc6 {[%clk 1:24:32]} Nxc6
{[%clk 1:26:42]} 8. Nf3 {[%clk 1:21:33]} Bd6 {[%clk 1:19:17]} 9. Nc3
{[%clk 1:16:32]} Nf6 {[%clk 1:14:37]} 10. Ng5 {[%clk 1:05:58]} O-O
{[%clk 1:09:26]} 11. O-O {[%clk 1:02:06]} a6 {[%clk 0:58:00]} 12. Rd1
{[%clk 0:48:40]} Qe7 {[%clk 0:51:15]} 13. Qb3 {[%clk 0:35:34]} Bc7
{[%clk 0:46:30]} 14. Qa3 {[%clk 0:33:10]} Qxa3 {[%clk 0:36:17]} 15. bxa3
{[%clk 0:33:37]} Bf5 {[%clk 0:32:37]} 16. Nd5 {[%clk 0:29:04]} Nxd5
{[%clk 0:24:38]} 17. Bxd5 {[%clk 0:29:19]} Rad8 {[%clk 0:19:44]} 18. Bb2
{[%clk 0:27:13]} Bc2 {[%clk 0:15:18]} 19. Rd2 {[%clk 0:23:37]} Ba4
{[%clk 0:12:27]} 20. Bc3 {[%clk 0:22:25]} Bd6 {[%clk 0:10:00]} 21. Rb1
{[%clk 0:18:34]} Rd7 {[%clk 0:05:49]} 22. Bxc6 {[%clk 0:16:39]} Bxc6
{[%clk 0:02:41]} 23. Rbd1 {[%clk 0:16:48]} Rfd8 {[%clk 0:02:30]} 24. Ba5
{[%clk 0:17:05]} Ba4 {[%clk 0:02:52]} 25. Bxd8 {[%clk 0:12:15]} Bxd1
{[%clk 0:03:16]} 26. Bc7 {[%clk 0:12:10]} h6 {[%clk 0:00:34]} 27. Bxd6
{[%clk 0:12:22]} 1-0

[Event "EYCC 2024 - G18"]
[Site "?"]
[Date "2024.08.26"]
[Round "5.12"]
[White "Helgadottir, Idunn"]
[Black "Buchholz, Maja Patricia"]
[Result "0-1"]
[BlackElo "1988"]
[WhiteElo "1837"]
[LiveChessVersion "1.4.8"]

1. d4 {[%clk 1:30:57]} Nf6 {[%clk 1:30:52]} 2. c4 {[%clk 1:31:10]} g6
{[%clk 1:31:09]} 3. Nf3 {[%clk 1:31:25]} Bg7 {[%clk 1:31:26]} 4. e3
{[%clk 1:31:38]} O-O {[%clk 1:31:25]} 5. Be2 {[%clk 1:31:30]} d5 {[%clk 1:31:24]}
6. cxd5 {[%clk 1:31:31]} Nxd5 {[%clk 1:31:23]} 7. e4 {[%clk 1:31:43]} Nb6
{[%clk 1:31:06]} 8. Nc3 {[%clk 1:31:00]} Nc6 {[%clk 1:25:43]} 9. Be3
{[%clk 1:30:14]} Bg4 {[%clk 1:25:06]} 10. d5 {[%clk 1:27:18]} Bxf3
{[%clk 1:11:12]} 11. Bxf3 {[%clk 1:24:03]} Ne5 {[%clk 1:11:31]} 12. Bf4
{[%clk 1:16:39]} Nbc4 {[%clk 1:05:33]} 13. Be2 {[%clk 1:06:43]} Nxb2
{[%clk 1:01:03]} 14. Qc2 {[%clk 1:06:04]} Nbc4 {[%clk 1:01:09]} 15. Rc1
{[%clk 1:01:06]} Nd6 {[%clk 0:57:00]} 16. Nb5 {[%clk 0:54:27]} Nxb5
{[%clk 0:45:37]} 17. Bxb5 {[%clk 0:54:42]} Rc8 {[%clk 0:45:34]} 18. Qb1
{[%clk 0:41:07]} Qd6 {[%clk 0:36:23]} 19. Be3 {[%clk 0:36:58]} c6
{[%clk 0:31:04]} 20. Bc5 {[%clk 0:32:08]} Qd8 {[%clk 0:30:25]} 21. dxc6
{[%clk 0:29:24]} Nxc6 {[%clk 0:27:43]} 22. Bxc6 {[%clk 0:25:27]} Rxc6
{[%clk 0:28:07]} 23. O-O {[%clk 0:22:40]} b6 {[%clk 0:27:21]} 24. Rfd1
{[%clk 0:22:34]} Qc7 {[%clk 0:26:48]} 25. Ba3 {[%clk 0:22:00]} Rxc1
{[%clk 0:22:29]} 26. Qxc1 {[%clk 0:22:18]} Qb7 {[%clk 0:22:20]} 27. h3
{[%clk 0:18:34]} Rc8 {[%clk 0:21:34]} 28. Qb1 {[%clk 0:14:54]} Bf6
{[%clk 0:20:41]} 29. Qd3 {[%clk 0:14:02]} Kg7 {[%clk 0:17:40]} 30. Bb4
{[%clk 0:11:44]} b5 {[%clk 0:15:52]} 31. Qd7 {[%clk 0:09:45]} Qxd7 32. Rxd7
{[%clk 0:10:06]} Rc4 {[%clk 0:11:26]} 33. Bxe7 {[%clk 0:09:39]} Bxe7
{[%clk 0:11:34]} 34. Rxe7 {[%clk 0:09:41]} Ra4 {[%clk 0:12:01]} 35. Rb7
{[%clk 0:09:21]} a6 {[%clk 0:11:55]} 36. e5 {[%clk 0:08:57]} Kf8 {[%clk 0:12:03]}
37. e6 {[%clk 0:06:19]} fxe6 {[%clk 0:12:18]} 38. Rxh7 {[%clk 0:06:43]} Rxa2
{[%clk 0:12:37]} 39. Rb7 {[%clk 0:06:57]} Ra4 {[%clk 0:11:34]} 40. g4
{[%clk 0:05:52]} g5 {[%clk 0:09:38]} 41. Kg2 {[%clk 0:05:16]} b4 {[%clk 0:08:08]}
42. Kg3 {[%clk 0:03:27]} Ra3+ {[%clk 0:07:30]} 43. f3 {[%clk 0:03:49]} a5
{[%clk 0:07:18]} 44. Rb5 {[%clk 0:04:07]} b3 {[%clk 0:07:16]} 45. Rxg5
{[%clk 0:04:24]} b2 {[%clk 0:07:22]} 46. Rb5 {[%clk 0:04:48]} Ra2
{[%clk 0:07:47]} 47. h4 {[%clk 0:04:05]} a4 {[%clk 0:08:10]} 48. h5
{[%clk 0:03:45]} a3 {[%clk 0:08:26]} 49. h6 {[%clk 0:03:48]} Ra1 {[%clk 0:08:36]}
50. h7 {[%clk 0:02:58]} Rh1 {[%clk 0:08:26]} 0-1